00554nam a2200205Ia 4500008004100000020001800041050001400059100002700073245003400100245007900134260001500213260001600228260000900244300001500253300002700268300001000295440002900305440000600334500000800340170918s9999 xx 000 0 und d a9780439876292 bJ781 2006 aJones, Marcia Thornton aGhosts do splash in puddles / cby Marcia Thorton Jones and Debbie Dadey ; illustrated by Joelle Dreidemy. aNew York : bScholastic, c2006 a64 pages : bcolored illustration ; c19cm. aThe Bailey school kids ; v1 a410